[Event "Ostersund Hurtigfeiden op"]
[Site "Ostersund"]
[Date "2018.08.26"]
[Round "7"]
[White "Mozelius, Peter"]
[Black "Stokhaug, Jon Arne"]
[Result "1/2-1/2"]
[WhiteElo "1829"]
[BlackElo "1824"]
[PlyCount "95"]
[EventDate "2018.08.26"]
[EventType "swiss"]
[EventRounds "7"]
[EventCountry "SWE"]
[SourceTitle "CBM 186 Extra"]
[Source "ChessBase"]
[SourceDate "2018.08.24"]
[SourceVersion "1"]
[SourceVersionDate "2018.08.24"]
[SourceQuality "1"]

1. d4 d5 2. Bf4 e6 3. e3 Bd6 4. Bg3 Nf6 5. Nd2 0-0 6. f4 c5 7. c3 Nc6 8. Ngf3 Ne4 9. Ne5 f6 10. Nef3 Bd7 11. Bd3 f5 12. Ne5 Bxe5 13. dxe5 Be8 14. Be2 Bg6 15. Nxe4 fxe4 16. Bg4 Bf5 17. h3 d4 18. Qb3 dxe3 19. Rd1 Qe7 20. Rd6 Kh8 21. Ke2 Rad8 22. Rhd1 Rxd6 23. Rxd6 Rd8 24. Bxf5 exf5 25. Qd5 h6 26. Kxe3 Qc7 27. Qxc5 Qf7 28. Bh4 Re8 29. c4 Kh7 30. Qd5 Qc7 31. b3 Qb6+ 32. c5 Qa6 33. e6 Qxa2 34. Qxf5+ Kh8 35. Qxe4 Qxb3+ 36. Kf2 Qb2+ 37. Kg1 Qc1+ 38. Kh2 Qxc5 39. Rd5 Qb4 40. Qf5 Ne7 41. Bxe7 Qxe7 42. Rd7 Qxe6 43. Qxe6 Rxe6 44. Rxb7 a5 45. Ra7 Rf6 46. Kg3 Rf5 47. Kf3 Rb5 48. Ke4 1/2-1/2

[Event "Ostersund op"]
[Site "Ostersund"]
[Date "2018.06.17"]
[Round "6"]
[White "Mozelius, Peter"]
[Black "Sian, Shadi"]
[Result "0-1"]
[WhiteElo "1845"]
[BlackElo "1724"]
[PlyCount "100"]
[EventDate "2018.06.15"]
[EventType "swiss"]
[EventRounds "6"]
[EventCountry "SWE"]
[SourceTitle "CBM 184 Extra"]
[Source "ChessBase"]
[SourceDate "2018.06.28"]
[SourceVersion "1"]
[SourceVersionDate "2018.06.28"]
[SourceQuality "1"]

1. d4 e6 2. Bf4 b6 3. e3 Bb7 4. Nf3 f5 5. Be2 Nf6 6. Nc3 Bb4 7. h4 Ne4 8. Kf1 Bxc3 9. bxc3 Nxc3 10. Qd2 Nxe2 11. Qxe2 Ba6 12. c4 d5 13. Ne5 0-0 14. Qf3 Nd7 15. Nc6 Bxc4+ 16. Kg1 Qe8 17. Bg5 Rf7 18. h5 Bb5 19. Ne5 Nxe5 20. dxe5 Qc6 21. Qg3 Kh8 22. h6 g6 23. Bf6+ Kg8 24. Kh2 Qd7 25. Rad1 Ba4 26. Rd2 c5 27. f3 Qc7 28. Qh4 Bc6 29. Rc1 c4 30. Kg1 b5 31. g4 Qb6 32. Qg5 Bb7 33. gxf5 exf5 34. Kf1 b4 35. e4 fxe4 36. fxe4 c3 37. Rxd5 Bxd5 38. exd5 Qb5+ 39. Kg1 Qxd5 40. Qg4 Qc5+ 41. Kg2 Rb8 42. Qg3 Qd5+ 43. Kg1 Rc8 44. Qg4 Rc4 45. Qe2 Re4 46. Rd1 Rd4 47. Rf1 Rd2 48. Qf3 Qxf3 49. Rxf3 c2 50. e6 c1Q+ 0-1

[Event "Gibraltar Masters 16th"]
[Site "Caleta"]
[Date "2018.02.01"]
[Round "10"]
[White "Mozelius, Peter"]
[Black "Helin, Mikael"]
[Result "1/2-1/2"]
[WhiteElo "1871"]
[BlackElo "1962"]
[PlyCount "92"]
[EventDate "2018.01.23"]
[EventType "swiss"]
[EventRounds "10"]
[EventCountry "GGB"]
[SourceTitle "CBM 183"]
[Source "ChessBase"]
[SourceDate "2018.03.14"]
[SourceVersion "1"]
[SourceVersionDate "2018.03.14"]
[SourceQuality "1"]

1. Nf3 d6 2. d4 Nc6 3. Bf4 g6 4. e3 Bg7 5. c3 Nf6 6. h3 0-0 7. Be2 Kh8 8. Nbd2 Nd7 9. 0-0 h6 10. e4 e5 11. dxe5 dxe5 12. Be3 f5 13. exf5 gxf5 14. Nb3 Qe7 15. Qc2 f4 16. Bd2 Nb6 17. Bd3 a5 18. Rfe1 a4 19. Nbd4 Na5 20. Nf5 Bxf5 21. Bxf5 Nac4 22. Be4 Nd6 23. Rad1 Nd7 24. Bg6 c5 25. c4 Ra6 26. Re2 Nxc4 27. Bc3 b5 28. Bd3 Re6 29. Rde1 Ndb6 30. a3 Rc8 31. Bf5 Rcc6 32. Bxe6 Rxe6 33. Qf5 Nd7 34. Qe4 b4 35. Bd2 Nxd2 36. Rxd2 Nf6 37. Qa8+ Kh7 38. Nh4 e4 39. Nf5 Qf7 40. f3 exf3 41. Red1 Ne4 42. Nxg7 f2+ 43. Rxf2 Nxf2 44. Nxe6 Nxd1 45. Qe4+ Kg8 46. Qa8+ Kh7 1/2-1/2